Normal view
MARC view
- Asim Zaheer
Entry Personal Name
001 - CONTROL NUMBER
- control field: 15543
003 - CONTROL NUMBER IDENTIFIER
- control field: NUST
005 - DATE AND TIME OF LATEST TRANSACTION
- control field: 20190625102351.0
008 - FIXED-LENGTH DATA ELEMENTS
- fixed length control field: 190625|| aca||aabn | a|a d
040 ## - CATALOGING SOURCE
- Original cataloging agency: NUST
- Transcribing agency: NUST
100 ## - HEADING--PERSONAL NAME
- Personal name: Asim Zaheer
670 ## - SOURCE DATA FOUND
- Source citation: Work cat.: (NUST): Asim Zaheer, SAMPLED-DATA OUTPUT FEEDBACK CONTROL OF NONLINEAR SYSTEM /, 2013.
